Guess the Taylor Swift song (no hints) #3 - Statistics

General Stats
  • This quiz has been taken 225 times
  • The average score is 159 of 247
Answer Stats
Answer % Correct
I
99%
you
98%
You
98%
you?
98%
a
97%
The
97%
the
97%
do
93%
to
93%
to?
93%
me
92%
we
91%
And
90%
and
90%
it
90%
so
89%
my
88%
who
88%
in
87%
In
87%
when
87%
no
85%
That
83%
that
83%
What
82%
were
81%
go
80%
this
80%
This
80%
If
79%
if
79%
It's
79%
too
79%
was
79%
all
75%
But
75%
of
75%
there
75%
like
74%
have
72%
I'll
72%
time
72%
know
71%
not
70%
say
70%
am
69%
'Cause
69%
you'll
69%
get
67%
ever
63%
now
63%
see
62%
night
59%
up
59%
better
58%
first
58%
soon
57%
, there's
56%
there's
56%
didn't
55%
just
55%
never
53%
been
51%
day
51%
make
50%
about
49%
talk
49%
supposed
48%
tell
48%
back
43%
won't
43%
ah,
41%
-ah,
41%
bad
40%
Ooh-
40%
Ooh
40%
best
38%
hate
37%
because
36%
isn't
34%
real
34%
find
31%
scared
31%
try
31%
pray
30%
sky
29%
hair
28%
Jesus
28%
people
28%
doctor's
27%
mirror
27%
-office-
26%
faith,
25%
orange
25%
bottles,
24%
buttons
24%
deal
24%
Desperate
24%
each
24%
Holy
24%
nurses,
24%
coat
23%
lighting,
22%
neon,
22%
normal,
22%
paint
22%
saying
22%
tangled
22%
brighten
21%
keep
21%
kitchen
21%
nicer
21%
delusion
20%
pretend
20%
years
20%
hoping,
18%
No matching quizzes found
Score Distribution
Percent of People with Each Score
Percentile by Number Answered
Your Score History
You have not taken this quiz